Como ganar a tu familia para cristo. / (Registro nro. 44497)
[ vista simple ]
| 000 -CABECERA | |
|---|---|
| campo de control de longitud fija | 00620nam a2200169 a 4500 |
| 001 - NÚMERO DE CONTROL | |
| campo de control | 000045008 |
| 005 - FECHA Y HORA DE LA ÚLTIMA TRANSACCIÓN | |
| campo de control | 20201002045812.0 |
| 008 - DATOS DE LONGITUD FIJA--INFORMACIÓN GENERAL | |
| campo de control de longitud fija | 150128s1964 xxu 000 0 spa d |
| 040 ## - FUENTE DE LA CATALOGACIÓN | |
| Centro catalogador/agencia de origen | DO-SdBNP |
| Lengua de catalogación | spa |
| Centro/agencia transcriptor | BNPHU |
| 100 1# - ENTRADA PRINCIPAL--NOMBRE DE PERSONA | |
| Nombre de persona | Olson, Natanael |
| 9 (RLIN) | 73018 |
| 245 10 - MENCIÓN DE TÍTULO | |
| Título | Como ganar a tu familia para cristo. / |
| Mención de responsabilidad, etc. | Natanael Olson; versión castellana, Ildefonso Villarello V. |
| 260 ## - PUBLICACIÓN, DISTRIBUCIÓN, ETC. | |
| Lugar de publicación, distribución, etc. | El Paso, Texas, EE. UU., : |
| Nombre del editor, distribuidor, etc. | Casa Bautista de publicaciones, |
| Fecha de publicación, distribución, etc. | 1964. |
| 300 ## - DESCRIPCIÓN FÍSICA | |
| Extensión | 81 p. ; |
| Dimensiones | 19 cm. |
| 490 1# - MENCIÓN DE SERIE | |
| Mención de serie | Biblioteca de libros condensados |
| 700 12 - PUNTO DE ACCESO ADICIONAL--NOMBRE DE PERSONA | |
| Nombre de persona | Villarello V., Ildefonso |
| 9 (RLIN) | 73019 |
| 830 #0 - PUNTO DE ACCESO ADICIONAL DE SERIE-TÍTULO UNIFORME | |
| Título uniforme | Biblioteca de libros condensados |
| 9 (RLIN) | 59493 |
| Estado de retiro | Estado de pérdida | Restricciones de uso | No para préstamo | Código de colección | Localización permanente | Ubicación/localización actual | Ubicación en estantería | Fecha de adquisición | Número de inventario | Total de préstamos | Signatura topográfica completa | Código de barras | Fecha visto por última vez | Precio válido a partir de | Tipo de ítem Koha |
|---|---|---|---|---|---|---|---|---|---|---|---|---|---|---|---|
| Excluido de préstamo | Monografías: Libros y Folletos | General | General | En catalogación | 28.01.2015 | LF1 | 45008-10 | 25.06.2020 | 25.06.2020 | No se presta |
